Modelos de radio, desarrollos e innovaciones: del diálogo y participación de la interactividad
Gespeichert in:
| 1. Verfasser: | |
|---|---|
| Format: | Buch |
| Sprache: | Spanisch |
| Veröffentlicht: |
Madrid
Editorial Fragua
2007
|
| Ausgabe: | 1a. ed |
| Schriftenreihe: | Colección Fragua Comunicación, 46
|
| Schlagworte: | |
| Tags: |
Tag hinzufügen
Keine Tags, Fügen Sie den ersten Tag hinzu!
|
MARC
| LEADER | 00000cam a2200000 a 4500 | ||
|---|---|---|---|
| 001 | UCC1701 | ||
| 003 | CL-VaPUC | ||
| 008 | 171117e20070000sp |||||||||||||||||spa|d | ||
| 020 | |a 9788470742279 | ||
| 082 | 0 | 4 | |a 302.23 |b CEB |2 21 |
| 100 | 0 | |a Cebrián Herreros, Mariano |e author |9 595749 | |
| 245 | 1 | 0 | |a Modelos de radio, desarrollos e innovaciones: del diálogo y participación de la interactividad |
| 250 | |a 1a. ed | ||
| 300 | |a 317 p | ||
| 942 | |c BK | ||
| 945 | |d 20171117 16:06:00 |a arojas | ||
| 260 | |a Madrid |b Editorial Fragua |c 2007 | ||
| 650 | 0 | |a Radio |9 260680 | |
| 650 | 7 | |a INNOVACIONES TECNOLOGICAS |2 CL-VaPUC |9 595750 | |
| 650 | 0 | |a Medios de comunicación de masas |9 257273 | |
| 583 | |a last modification |c 20171117 16:06:00 |k Rodrigo Vera | ||
| 490 | 0 | |a Colección Fragua Comunicación, 46 | |
| 999 | |c 370096 |d 370094 | ||
| 952 | |0 0 |1 0 |3 erb |4 0 |6 302_230000000000000_CEB_2007 |7 0 |8 A |9 486397 |a BIBCUR |b BIBCUR |i 5436095 |l 2 |o 302.23 CEB 2007 |p 5436095 |r 2025-04-22 |s 2024-04-18 |w 2019-11-24 |y BK |z Catalogado en:20171117 |k PER | ||